000 00783nam a2200301Ia 4500
001 Z_2869
003 CHAP
008 220113s1991 xx 000 0 und d
010 _a165945
040 _cCHAP
082 _a636.0892 F8
100 _aFuller, M. F.
_943936
245 _aIn vitro digestion for pigs and poultry /
_cby M. F. Fuller
260 _aWallingford, England :
_bCAB. International,
_c1991
300 _a209 p. :
_bilus. ; gráfs.
440 _a
500 _a
503 _a
650 _aAves de corral
_xAnatomía y fisiología I. t.
_9138482
650 _aDigestión
_932567
650 _aGanado porcino
_xAnatomía y fisiología
_945332
901 _a636.0892 F8
902 _aA
910 _a1991
942 _c1
942 _cc1
999 _c165945
_d165945